[Event "Tournoi Skype 024A"]
[Site "Skype"]
[Date "????.??.??"]
[Round "5.33"]
[White "Munoz Gonzalez, Martin"]
[Black "L'Herbon De Lussats, Jean"]
[Result "0-1"]
[WhiteElo "1460"]
[BlackElo "1539"]
[PlyCount "74"]

1. e4 c5 2. Nf3 Nc6 3. c3 a6 4. d4 d5 5. e5 Bf5 6. Bd3 Be4 7. Be2 e6 8. a3 c4
9. Bf4 Qb6 10. Qc1 Na5 11. Nbd2 Ne7 12. Nxe4 dxe4 13. Nd2 Nec6 14. Bxc4 Be7 15.
Ba2 O-O 16. b4 Rac8 17. Be3 Na7 18. bxa5 Qxa5 19. Nb1 Nb5 20. Bd2 Nxd4 21. Qb2
Nc6 22. c4 Nxe5 23. O-O Qc7 24. Qd4 f5 25. Bc3 Bf6 26. Qe3 Ng4 27. Qh3 Bxc3 28.
Nxc3 Rf6 29. Qg3 Ne5 30. Ne2 Qc5 31. Rfc1 Nd3 32. Rd1 e5 33. Bb1 f4 34. Nxf4
exf4 35. Qh4 Qxc4 36. Bxd3 exd3 37. Rac1 Qxc1 0-1

[Event "Tournoi Skype 024A"]
[Site "Skype"]
[Date "????.??.??"]
[Round "6.1"]
[White "Benson, Paul"]
[Black "Siret, Bernard"]
[Result "1/2-1/2"]
[WhiteElo "2013"]
[BlackElo "2094"]
[PlyCount "67"]

1. d4 e5 2. dxe5 Nc6 3. Nf3 Qe7 4. Nc3 Nxe5 5. e4 d6 6. Be2 Nf6 7. O-O Bd7 8.
Bg5 O-O-O 9. Nd4 Qe8 10. Bxf6 gxf6 11. f4 Nc6 12. Nxc6 Bxc6 13. Qd4 Kb8 14. a4
Rg8 15. Nb5 Qxe4 16. Qxa7+ Kc8 17. Bf3 Qxc2 18. Rf2 Qc4 19. b3 Qc5 20. Qxc5
dxc5 21. Na7+ Kb8 22. Nxc6+ bxc6 23. Bxc6 c4 24. Kf1 Bc5 25. Rc2 Be3 26. bxc4
Ka7 27. Rb1 Rb8 28. Rcb2 Rxb2 29. Rxb2 Bxf4 30. g3 Be5 31. Rb7+ Ka6 32. Rb5 Rd8
33. Bd5 Rd6 34. Bxf7 1/2-1/2

[Event "Tournoi Skype 024A"]
[Site "Skype"]
[Date "????.??.??"]
[Round "6.2"]
[White "Diaz, Jose Garcia"]
[Black "Karia, Vijay"]
[Result "1-0"]
[WhiteElo "1807"]
[BlackElo "1792"]
[PlyCount "57"]

1. e4 d5 2. exd5 Qxd5 3. Nc3 Qa5 4. d4 c6 5. Bd2 Qb6 6. Bc4 Qxd4 7. Qe2 Bf5 8.
O-O-O Qb6 9. Qf3 e6 10. g4 Bg6 11. Nh3 h6 12. Nf4 Bh7 13. Rhe1 Be7 14. Nxe6
fxe6 15. Rxe6 Nd7 16. Rxe7+ Nxe7 17. Qf7+ Kd8 18. Be3 Qc7 19. Be6 Nd5 20. Qxg7
Re8 21. Bxd5 cxd5 22. Qxh7 Qc6 23. Nxd5 Rc8 24. Bxh6 Re6 25. Qg8+ Re8 26. Bg5+
Nf6 27. Bxf6+ Kd7 28. Qf7+ Kd6 29. Nb4+ 1-0

[Event "Tournoi Skype 024A"]
[Site "Skype"]
[Date "????.??.??"]
[Round "6.3"]
[White "Segura Lozano, Marcos Antonio"]
[Black "Sojka, Bernard"]
[Result "0-1"]
[WhiteElo "1784"]
[BlackElo "2146"]
[PlyCount "46"]

1. d4 Nf6 2. Nf3 d6 3. c4 g6 4. Nc3 Bg7 5. Bg5 Nbd7 6. Qd2 h6 7. Bh4 O-O 8. Rc1
Re8 9. e3 c6 10. Bg3 Nh5 11. Bd3 Nxg3 12. hxg3 e5 13. d5 Nc5 14. e4 Qb6 15. Bb1
Bg4 16. Nh2 Bd7 17. Nf3 Qb4 18. b3 a5 19. Rxh6 a4 20. bxa4 cxd5 21. cxd5 Rec8
22. Rh4 Nxa4 23. Nxa4 Rxc1+ 0-1

[Event "Tournoi Skype 024A"]
[Site "Skype"]
[Date "????.??.??"]
[Round "6.4"]
[White "Martinez, Jose Abel"]
[Black "Rico Hernandez, Edgar"]
[Result "1-0"]
[WhiteElo "1740"]
[BlackElo "1943"]
[PlyCount "69"]

1. d4 d5 2. Nf3 Nf6 3. Bf4 e6 4. Nbd2 c5 5. e3 Nc6 6. c3 Bd6 7. dxc5 Bxc5 8.
Bb5 Bd6 9. O-O O-O 10. Bxd6 Qxd6 11. c4 a6 12. Bxc6 bxc6 13. Qc2 Bb7 14. Rac1
Rac8 15. c5 Qc7 16. Rfe1 Rfd8 17. e4 a5 18. e5 Nd7 19. b3 Nf8 20. Qc3 Ra8 21.
Nd4 Ng6 22. Qe3 Rdb8 23. a3 Ba6 24. f4 Bc8 25. g4 Ne7 26. N2f3 g6 27. f5 gxf5
28. gxf5 exf5 29. Qg5+ Ng6 30. Qh5 Ra6 31. Ng5 Nf8 32. Kh1 Be6 33. Rg1 Kh8 34.
Ndxe6 fxe6 35. Nf7+ 1-0

[Event "Tournoi Skype 024A"]
[Site "Skype"]
[Date "????.??.??"]
[Round "6.5"]
[White "Ricieri, Vinicius"]
[Black "Deville, Olivier"]
[Result "1-0"]
[WhiteElo "1814"]
[BlackElo "1860"]
[PlyCount "85"]

1. d4 Nf6 2. c4 e6 3. Nf3 Bb4+ 4. Bd2 Qe7 5. g3 Nc6 6. Bg2 Bxd2+ 7. Nbxd2 d6 8.
O-O O-O 9. e4 e5 10. d5 Nb8 11. Rc1 a5 12. a3 a4 13. Rc3 Nbd7 14. Nh4 g6 15. f4
exf4 16. gxf4 Nxe4 17. Nxe4 Qxh4 18. Rg3 Qe7 19. f5 Ne5 20. fxg6 fxg6 21. Rxf8+
Qxf8 22. Qf1 Qxf1+ 23. Bxf1 Bf5 24. Nf6+ Kg7 25. Nh5+ Kf7 26. Nf4 Re8 27. Rc3
b6 28. Kf2 Ng4+ 29. Kg3 Re1 30. Bd3 Re3+ 31. Kg2 Bxd3 32. Rxd3 Rxd3 33. Nxd3
Ne3+ 34. Kf3 Nxc4 35. Ke4 Kf6 36. Kd4 Kf5 37. Kxc4 Ke4 38. Nb4 Kf3 39. Na6 Kg2
40. Nxc7 Kxh2 41. Nb5 g5 42. Nxd6 g4 43. Nf5 1-0

[Event "Tournoi Skype 024A"]
[Site "Skype"]
[Date "????.??.??"]
[Round "6.6"]
[White "Silva, Rodrigo De Souza"]
[Black "Martinez Quintero, Javier"]
[Result "0-1"]
[WhiteElo "1946"]
[BlackElo "1750"]
[PlyCount "50"]

1. e4 c5 2. Nf3 g6 3. d4 cxd4 4. Nxd4 Bg7 5. Nc3 Nc6 6. Nb3 Nf6 7. Be2 O-O 8.
O-O b6 9. Re1 Bb7 10. Bf1 d6 11. Nd5 Ne5 12. Bg5 Nxd5 13. exd5 h6 14. Bh4 g5
15. Bg3 Rc8 16. c3 Nc4 17. Bxc4 Rxc4 18. Qd3 b5 19. a4 Rxa4 20. Qxb5 Rxa1 21.
Rxa1 Qb6 22. Qxb6 axb6 23. Rd1 Ra8 24. f4 Ra2 25. fxg5 Rxb2 0-1

[Event "Tournoi Skype 024A"]
[Site "Skype"]
[Date "????.??.??"]
[Round "6.7"]
[White "Saponara, Jose Maria"]
[Black "Hilton, Stephen"]
[Result "1/2-1/2"]
[WhiteElo "1790"]
[BlackElo "1825"]
[PlyCount "66"]

1. e4 d6 2. d4 Nf6 3. Nc3 c6 4. h3 e5 5. dxe5 dxe5 6. Qxd8+ Kxd8 7. Nf3 Bd6 8.
Bg5 Ke7 9. Be2 Be6 10. Bh4 h6 11. Bg3 Nbd7 12. O-O-O g5 13. Rhe1 Nh5 14. Bxe5
Nxe5 15. Nxe5 Bxe5 16. Bxh5 Bxc3 17. bxc3 Bxa2 18. Rd4 Be6 19. e5 c5 20. Rd2
Rad8 21. Bf3 Rxd2 22. Kxd2 Rd8+ 23. Ke3 Bd5 24. Bg4 Bc4 25. g3 f6 26. f4 gxf4+
27. gxf4 fxe5 28. fxe5 Be6 29. Rg1 Rg8 30. Rh1 Bxg4 31. hxg4 Rxg4 32. Rxh6 Rg3+
33. Kd2 Rg7 1/2-1/2

[Event "Tournoi Skype 024A"]
[Site "Skype"]
[Date "????.??.??"]
[Round "6.8"]
[White "Engstrom, Olle"]
[Black "Ibarra Cantu, Raul Alberto"]
[Result "0-1"]
[WhiteElo "1678"]
[BlackElo "1955"]
[PlyCount "110"]

1. d4 Nf6 2. c4 g6 3. Nc3 Bg7 4. e4 d6 5. Nf3 O-O 6. Be2 e5 7. O-O Nc6 8. d5
Ne7 9. b4 Nh5 10. g3 f5 11. Ng5 Nf6 12. Re1 h6 13. Nf3 fxe4 14. Nd2 Bf5 15. Bf1
Qd7 16. Ndxe4 Nxe4 17. Nxe4 Kh7 18. Bg2 Ng8 19. Qb3 Rf7 20. Be3 a6 21. a4 Raf8
22. Ra2 Bxe4 23. Bxe4 Nf6 24. Bg2 Ng4 25. h3 Nxe3 26. Qxe3 h5 27. Qd3 Qf5 28.
Be4 Qf6 29. c5 Bh6 30. c6 b5 31. axb5 axb5 32. Qxb5 h4 33. g4 Qd8 34. Qd3 Kg7
35. Bxg6 Rf3 36. Re3 Rxe3 37. fxe3 Bxe3+ 38. Qxe3 Kxg6 39. Qe4+ Kg7 40. b5 Qf6
41. b6 Qf1+ 42. Kh2 Rf2+ 43. Rxf2 Qxf2+ 44. Kh1 Qxb6 45. Kg2 Qb2+ 46. Kf1 Qc1+
47. Kf2 Qd2+ 48. Kf1 Qd1+ 49. Kf2 Qd2+ 50. Kf1 Qd1+ 51. Kf2 Qd4+ 52. Qxd4 exd4
53. Kf3 Kf6 54. Ke4 d3 55. Kxd3 Ke5 0-1

[Event "Tournoi Skype 024A"]
[Site "Skype"]
[Date "????.??.??"]
[Round "6.9"]
[White "Grosso, Raul"]
[Black "Lovell, Stan"]
[Result "1-0"]
[WhiteElo "1895"]
[BlackElo "1620"]
[PlyCount "97"]

1. d4 e6 2. Bf4 b6 3. c4 Bb7 4. Nc3 Nf6 5. f3 Nh5 6. Bg3 Nxg3 7. hxg3 d5 8. e3
Qg5 9. Kf2 Bd6 10. f4 Qd8 11. Nf3 Nd7 12. cxd5 exd5 13. Bd3 Nf6 14. Ne5 a6 15.
a3 h6 16. b4 Qc8 17. Be2 a5 18. b5 Qd8 19. g4 Qe7 20. g5 Nd7 21. Nxd7 Qxd7 22.
Bg4 Qe7 23. Qf3 Bxa3 24. Nxd5 Bxd5 25. Qxd5 Rd8 26. Qc6+ Kf8 27. gxh6 g6 28.
Bf3 Bb4 29. Qc2 Rd6 30. Rad1 Kg8 31. g4 Re6 32. e4 Qd7 33. Qc4 Re7 34. g5 Kh7
35. Kg3 Rhe8 36. e5 Rd8 37. Be4 Qc8 38. Qc2 Rg8 39. f5 Qd8 40. fxg6+ fxg6 41.
Rhf1 Qe8 42. Rf6 Rd7 43. Qc6 Re7 44. Qxe8 Rexe8 45. Rf7+ Kh8 46. Rxc7 Ref8 47.
Bd5 a4 48. Bxg8 Kxg8 49. e6 1-0

[Event "Tournoi Skype 024A"]
[Site "Skype"]
[Date "????.??.??"]
[Round "6.10"]
[White "Leyton Calderon, Jairo Oswaldo"]
[Black "Lopez, Jose Luis"]
[Result "1/2-1/2"]
[WhiteElo "1562"]
[BlackElo "1893"]
[PlyCount "88"]

1. Nf3 Nf6 2. b3 g6 3. Bb2 Bg7 4. e3 d6 5. Be2 O-O 6. O-O c5 7. c4 Nc6 8. a3 b6
9. Nc3 Bb7 10. Qc2 Rc8 11. Rac1 e6 12. Ne4 Nxe4 13. Bxg7 Kxg7 14. Qxe4 Qe7 15.
Qb1 e5 16. Qb2 f6 17. Rfe1 e4 18. Nh4 Ne5 19. d4 exd3 20. Bf1 d2 21. Qxd2 f5
22. f4 Qxh4 23. fxe5 dxe5 24. Qd7+ Rf7 25. Qd2 Rd8 26. Qf2 Qxf2+ 27. Kxf2 Rd2+
28. Re2 Rfd7 29. Ke1 Rxe2+ 30. Kxe2 Be4 31. Rc3 Kf6 32. g3 h6 33. b4 Rc7 34.
Kd2 g5 35. Be2 f4 36. gxf4 exf4 37. exf4 gxf4 38. Ke1 Ke5 39. Kf2 cxb4 40. axb4
a5 41. Rb3 Rg7 42. Bf1 f3 43. bxa5 bxa5 44. Rb5+ Kd4 1/2-1/2

[Event "Tournoi Skype 024A"]
[Site "Skype"]
[Date "????.??.??"]
[Round "6.11"]
[White "Gharbi, Said"]
[Black "Lambert, Pierre"]
[Result "0-1"]
[WhiteElo "1537"]
[BlackElo "1870"]
[PlyCount "66"]

1. e4 c5 2. Nf3 d6 3. d4 cxd4 4. Nxd4 Nf6 5. Nc3 a6 6. Bg5 Nc6 7. Bxf6 gxf6 8.
Bc4 Qb6 9. Nxc6 bxc6 10. Bb3 Rb8 11. O-O h5 12. Re1 Bg4 13. Ne2 Rg8 14. Kh1
Qxf2 15. Qd4 Qxd4 16. Nxd4 Bd7 17. Re3 Bh6 18. Rc3 c5 19. Nf5 Bf8 20. Rd1 Rb4
21. Rc4 Rb6 22. a4 a5 23. Rd3 Rg5 24. Rf3 Be6 25. Rcc3 Rb4 26. h4 Rg8 27. Ng3
Bg4 28. Rfd3 e6 29. Rc4 Rb6 30. Rcc3 Bh6 31. Nf1 Bf4 32. g3 Be5 33. Rc4 Be2 0-1

[Event "Tournoi Skype 024A"]
[Site "Skype"]
[Date "????.??.??"]
[Round "6.12"]
[White "Altinok, Selim"]
[Black "Calcino, Luis"]
[Result "1/2-1/2"]
[WhiteElo "1840"]
[BlackElo "1675"]
[PlyCount "65"]

1. Nf3 Nc6 2. d4 d5 3. Bf4 Bg4 4. e3 e6 5. Be2 Bd6 6. Bxd6 Qxd6 7. Nc3 Nge7 8.
O-O O-O 9. Qd2 a6 10. Rfd1 f5 11. h3 Bh5 12. Nh2 Bxe2 13. Nxe2 Rf7 14. f4 Rd8
15. Nf3 h6 16. Nc1 g5 17. fxg5 hxg5 18. Nxg5 Rg7 19. h4 Ng6 20. Qf2 f4 21. e4
e5 22. dxe5 Qxe5 23. Nd3 Qf6 24. exd5 Rxd5 25. Re1 Rxg5 26. hxg5 Qxg5 27. Re8+
Kh7 28. Rae1 Nce7 29. Re4 Nd5 30. Rd4 Ne3 31. Rdd8 Rf7 32. Rxe3 Qxd8 33. Rf3
1/2-1/2

[Event "Tournoi Skype 024A"]
[Site "Skype"]
[Date "????.??.??"]
[Round "6.14"]
[White "Pena, Eduin"]
[Black "Junqueira, Leonardo De Faria"]
[Result "1-0"]
[WhiteElo "1720"]
[BlackElo "1538"]
[PlyCount "52"]

1. e4 d5 2. exd5 Qxd5 3. Nc3 Qa5 4. d4 c6 5. Nf3 Nf6 6. Bc4 Bg4 7. O-O e6 8. h3
Bh5 9. Qe2 Nbd7 10. Bd2 Qf5 11. Bd3 Bxf3 12. Qxf3 Qxf3 13. gxf3 h6 14. Bf4 Be7
15. Ne4 Nd5 16. Nd6+ Bxd6 17. Bxd6 N7f6 18. c4 Nb6 19. b4 Nc8 20. Bg3 O-O 21.
a4 Rd8 22. b5 Ne7 23. Be4 Nxe4 24. fxe4 Rd7 25. bxc6 bxc6 26. Rab1 Rb8 1-0

[Event "Tournoi Skype 024A"]
[Site "Skype"]
[Date "????.??.??"]
[Round "6.15"]
[White "Jaramillo, Carlos"]
[Black "Murgia, Stefano"]
[Result "0-1"]
[WhiteElo "1559"]
[BlackElo "1769"]
[PlyCount "88"]

1. e4 e5 2. Nf3 Nc6 3. Bb5 Nd4 4. Nxd4 exd4 5. d3 h5 6. Nd2 c6 7. Bc4 Bc5 8.
Nf3 d5 9. exd5 cxd5 10. Qe2+ Kf8 11. Bb5 Qa5+ 12. Qd2 Qxb5 13. O-O Ne7 14. Re1
Rh6 15. Qd1 Re6 16. Ng5 Rxe1+ 17. Qxe1 Bf5 18. Qe2 Bg6 19. g4 hxg4 20. Qxg4 Qc6
21. Qh4 Kg8 22. Bf4 Re8 23. Re1 Nf5 24. Rxe8+ Qxe8 25. Qh3 Be7 26. Kg2 Nh6 27.
Nf3 Bf6 28. Bxh6 gxh6 29. Qxh6 Qe6 30. Kg3 Qf5 31. h4 Bh5 32. Qf4 Qxf4+ 33.
Kxf4 Bxf3 34. Kxf3 Bxh4 35. a4 Kg7 36. b3 Kf6 37. Kg2 Ke6 38. f3 a5 39. Kh3 Be1
40. Kg4 f6 41. Kf4 Bd2+ 42. Kg4 Be3 43. f4 Bd2 44. Kf3 Kf5 0-1

[Event "Tournoi Skype 024A"]
[Site "Skype"]
[Date "????.??.??"]
[Round "6.16"]
[White "Khetre, Gaurav"]
[Black "Perrone, Gabriel Lorenzo"]
[Result "1/2-1/2"]
[WhiteElo "1705"]
[BlackElo "1521"]
[PlyCount "122"]

1. d4 Nf6 2. c4 d5 3. cxd5 Qxd5 4. Nc3 Qd8 5. e4 Nc6 6. d5 Ne5 7. f4 Ng6 8. Nf3
c6 9. Qa4 Bd7 10. dxc6 Bxc6 11. Bb5 Qc7 12. Nd4 Rc8 13. Qxa7 e5 14. Bxc6+ bxc6
15. Qxc7 Rxc7 16. fxe5 Nxe5 17. Nf5 Nd3+ 18. Ke2 Nc5 19. Kf3 g6 20. Ne3 Bg7 21.
Rd1 O-O 22. Nc4 Re8 23. Bf4 Rd7 24. Ne5 Rxd1 25. Rxd1 Nh5 26. Nxc6 Nxf4 27.
Kxf4 Bxc3 28. bxc3 Rxe4+ 29. Kf3 Rc4 30. Ne7+ Kg7 31. Nd5 Na4 32. Rd4 Rc5 33.
c4 Nb2 34. Nb6 Ra5 35. Ke4 f5+ 36. Kf4 Kf6 37. Rd6+ Kg7 38. Rd7+ Kh6 39. Rd2
Na4 40. Nxa4 Rxa4 41. Rc2 Kg7 42. Ke5 Kf7 43. c5 Ke7 44. c6 Kd8 45. Kf6 Kc7 46.
Kg7 Rh4 47. g3 Rh3 48. a4 g5 49. a5 f4 50. Rc3 Rxh2 51. gxf4 gxf4 52. a6 f3 53.
Rxf3 Kxc6 54. Ra3 Rg2+ 55. Kxh7 Rh2+ 56. Kg6 Rg2+ 57. Kf7 Rf2+ 58. Ke6 Rf8 59.
a7 Kb7 60. a8=Q+ Rxa8 61. Rxa8 Kxa8 1/2-1/2

[Event "Tournoi Skype 024A"]
[Site "Skype"]
[Date "????.??.??"]
[Round "6.17"]
[White "Vello, Pablo"]
[Black "Sauvaget, Joel"]
[Result "1-0"]
[WhiteElo "1518"]
[BlackElo "1684"]
[PlyCount "57"]

1. d4 d5 2. Nf3 Nf6 3. e3 e6 4. b3 Nc6 5. Bd3 b6 6. a3 Bb7 7. Bb2 Be7 8. O-O
O-O 9. Ne5 Nxe5 10. dxe5 Nd7 11. c4 Nc5 12. Bc2 Ba6 13. Nd2 c6 14. Re1 Qc7 15.
cxd5 cxd5 16. Rc1 Qb8 17. e4 dxe4 18. Nxe4 Bb7 19. Nxc5 Bxc5 20. Bd3 Qd8 21.
Qc2 h6 22. Rcd1 Qg5 23. Be4 Bxe4 24. Qxe4 Rad8 25. Bc1 Qf5 26. Qf3 Qxf3 27.
gxf3 Be7 28. Kf1 Bb4 29. axb4 1-0

[Event "Tournoi Skype 024A"]
[Site "Skype"]
[Date "????.??.??"]
[Round "6.19"]
[White "Yeter, Orhan"]
[Black "Le Brun, Yves"]
[Result "1-0"]
[WhiteElo "1570"]
[BlackElo "1454"]
[PlyCount "75"]

1. e4 g6 2. d4 Bg7 3. Nc3 d6 4. Bd3 Nf6 5. f3 Be6 6. Be3 c6 7. Qd2 O-O 8. O-O-O
d5 9. e5 Ne8 10. Bh6 Bxh6 11. Qxh6 f5 12. h4 a6 13. g3 Ng7 14. h5 Qe8 15. g4
Qf7 16. hxg6 Qxg6 17. gxf5 Qxh6+ 18. Rxh6 Bxf5 19. Nh3 Nd7 20. Ng5 Bxd3 21.
Rxd3 Rf4 22. Ne2 Rf5 23. f4 Nf8 24. Rdh3 Rxg5 25. fxg5 Nf5 26. R6h5 Kg7 27. c3
Re8 28. Nf4 e6 29. Nd3 b6 30. Nf2 Re7 31. Ng4 Kg6 32. Nf6 Rg7 33. Ne8 Rf7 34.
Nd6 Nxd6 35. exd6 Rf5 36. d7 Nxd7 37. Rxh7 Nf6 38. gxf6 1-0

[Event "Tournoi Skype 024A"]
[Site "Skype"]
[Date "????.??.??"]
[Round "6.20"]
[White "Mordaa, Ahmad"]
[Black "Vasquez, Oscar"]
[Result "1-0"]
[WhiteElo "1458"]
[BlackElo "1712"]
[PlyCount "28"]

1. e4 g6 2. d4 Bg7 3. Nf3 d6 4. c3 Nd7 5. Bc4 e6 6. O-O Ngf6 7. Bg5 e5 8. dxe5
Nxe5 9. Nxe5 dxe5 10. Qb3 O-O 11. Rd1 Qe8 12. Na3 c6 13. Bxf6 Bxf6 14. Rd6 Bd7
1-0

3 Rb8 16. Qd1 b5 17. Bb3 Bb7 18. Nc2 a5 19. Ne3 h5 20. Nf5 Rd8 21. Rxd8
Bxd8 22. Nd6 Qe7 23. Nxb7 Qxb7 24. Qf3 Qe7 25. Rd1 Bb6 26. a3 Kg7 27. Qh3 Qf6
28. Rd2 Rd8 29. Re2 a4 30. Bc2 Qf4 31. g3 Qc1+ 32. Qf1 Qxb2 33. Bxa4 Qxa3 34.
Bc2 Qxc3 35. Kg2 Rd2 36. Bd1 Rxe2 37. Qxe2 Bd4 38. Kf1 b4 39. Qc2 c5 40. Qxc3
Bxc3 41. Bc2 Bd4 42. f3 c4 43. Ke2 b3 44. Bb1 c3 45. Bd3 g5 46. h3 Kf6 47. Kd1
c2+ 48. Bxc2 bxc2+ 49. Kxc2 g4 50. fxg4 hxg4 51. h4 Bf2 52. Kd2 Bxg3 53. h5
Bf4+ 54. Ke2 Kg5 55. h6 Kg6 56. h7 Kxh7 57. Kf2 Kh6 58. Kg2 Kh5 59. Kf2 Kh4 60.
Kg2 g3 61. Kg1 Kh3 62. Kh1 g2+ 63. Kg1 Be3# 0-1

[Event "Tournoi Skype 024A"]
[Site "Skype"]
[Date "????.??.??"]
[Round "6.22"]
[White "Aravena, Alvaro"]
[Black "Castillo, Jesus"]
[Result "0-1"]
[WhiteElo "1660"]
[BlackElo "1527"]
[PlyCount "74"]

1. c4 e5 2. Nc3 Nf6 3. d3 c6 4. Bg5 Be7 5. Nf3 d6 6. g3 h6 7. Bd2 O-O 8. Bg2
Be6 9. O-O Nbd7 10. Rc1 Re8 11. Be3 Ng4 12. Bd2 Ngf6 13. Re1 e4 14. Nd4 Bg4 15.
Nxe4 Nxe4 16. Bxe4 Nf6 17. Bg2 Qd7 18. Qb3 Rab8 19. Nf3 Bd8 20. Bc3 Bh3 21. Qa3
Bxg2 22. Kxg2 Be7 23. Ra1 a6 24. Qb3 h5 25. e4 h4 26. Nxh4 Qg4 27. e5 Nh5 28.
Re4 Qd7 29. Rae1 d5 30. e6 fxe6 31. Rxe6 Bxh4 32. Rxe8+ Rxe8 33. Rxe8+ Qxe8 34.
gxh4 Qg6+ 35. Kf1 Nf4 36. Ke1 Qxd3 37. Qd1 Ng2# 0-1

[Event "Tournoi Skype 024A"]
[Site "Skype"]
[Date "????.??.??"]
[Round "6.23"]
[White "Ram, Madhukesh"]
[Black "Trivedi, Viral"]
[Result "0-1"]
[WhiteElo "1430"]
[BlackElo "1654"]
[PlyCount "114"]

1. d4 e6 2. e4 d5 3. Nc3 Nf6 4. Bd3 c5 5. Bg5 Be7 6. exd5 cxd4 7. Ne4 Nxe4 8.
Bxe7 Qxe7 9. Bxe4 exd5 10. Ne2 dxe4 11. O-O Nc6 12. Re1 Qf6 13. Nxd4 Nxd4 14.
Rxe4+ Ne6 15. c3 O-O 16. Qd2 Ng5 17. Rf4 Qg6 18. h4 Nh3+ 19. Kh2 Nxf4 20. Qxf4
Qg4 21. Qxg4 Bxg4 22. Re1 Rfe8 23. Rc1 Re2 24. Kg3 h5 25. f4 Rxb2 26. Re1 Rd8
27. Re7 Rdd2 28. f5 f6 29. Kf4 Rf2+ 30. Kg3 Rxg2+ 31. Kf4 Rbf2+ 32. Ke3 Re2+
33. Kd4 Rxe7 34. c4 Rd2+ 35. Kc3 Rxa2 36. c5 Re3+ 37. Kd4 Raa3 38. c6 bxc6 39.
Kc5 Bxf5 40. Kxc6 Red3 41. Kc5 Rac3+ 42. Kb4 Re3 43. Kb5 Bd7+ 44. Kb4 Red3 45.
Ka5 Rb3 46. Ka6 Bc8+ 47. Ka5 a6 48. Ka4 Bd7+ 49. Ka5 Rb5+ 50. Ka4 Rc5+ 51. Kb4
Rdd5 52. Kb3 Rd4 53. Kb2 Rxh4 54. Kb3 Ba4+ 55. Kb2 Rh3 56. Kb1 Rc2 57. Ka1 Rh1#
0-1

[Event "Tournoi Skype 024A"]
[Site "Skype"]
[Date "????.??.??"]
[Round "6.24"]
[White "Casey, Eamonn"]
[Black "Montalvo, Mario"]
[Result "0-1"]
[WhiteElo "1643"]
[BlackElo "1435"]
[PlyCount "56"]

1. d4 Nf6 2. c4 e6 3. Nf3 b6 4. Bg5 h6 5. Bh4 Bb7 6. e3 Bb4+ 7. Nbd2 O-O 8. Be2
d5 9. a3 Be7 10. O-O Nbd7 11. Rc1 c5 12. cxd5 Nxd5 13. Bxe7 Qxe7 14. Nc4 Rac8
15. Nce5 Rfd8 16. Nxd7 Rxd7 17. Ne5 Rdc7 18. Qd2 cxd4 19. exd4 Qg5 20. Qxg5
hxg5 21. Rxc7 Rxc7 22. Nd3 Rc2 23. Re1 Ba6 24. Bd1 Rd2 25. Ne5 Rxb2 26. Nc6 Kf8
27. Nxa7 Rb1 28. h3 Nc3 0-1

[Event "Tournoi Skype 024A"]
[Site "Skype"]
[Date "????.??.??"]
[Round "6.25"]
[White "Grib, Johannes"]
[Black "Khunte, Aniruddha"]
[Result "0-1"]
[WhiteElo "1522"]
[BlackElo "1616"]
[PlyCount "60"]

1. Nf3 Nf6 2. c3 Nc6 3. Qc2 e5 4. e4 Bc5 5. d4 exd4 6. Bd2 dxc3 7. Bxc3 Bb4 8.
Bd3 O-O 9. O-O Bxc3 10. Qxc3 d6 11. Nbd2 Re8 12. Bc4 h6 13. Nh4 Nxe4 14. Bxf7+
Kxf7 15. Qf3+ Kg8 16. Qb3+ Kh7 17. Nhf3 Nxd2 18. Qd3+ Ne4 19. Rfe1 Bf5 20. Qd5
Bg6 21. a3 Nf6 22. Qd2 Rxe1+ 23. Rxe1 Qd7 24. h3 Re8 25. Rxe8 Qxe8 26. Nh4 Qe4
27. g3 Ne5 28. Qc2 Qe1+ 29. Kh2 Be4 30. Ng2 Nf3# 0-1

[Event "Tournoi Skype 024A"]
[Site "Skype"]
[Date "????.??.??"]
[Round "6.26"]
[White "Marino, Giuseppe"]
[Black "Perez Fermin, Jose"]
[Result "1/2-1/2"]
[WhiteElo "1444"]
[BlackElo "1576"]
[PlyCount "52"]

1. d4 Nf6 2. Bf4 d5 3. Nf3 Bf5 4. e3 c6 5. Bd3 e6 6. O-O Ne4 7. Nbd2 Bd6 8.
Bxd6 Qxd6 9. h3 O-O 10. Nh4 Bg6 11. Nxg6 Nxd2 12. Nxf8 Nxf1 13. Bxf1 Kxf8 14.
Bd3 h6 15. Qf3 Nd7 16. c4 dxc4 17. Bxc4 Nb6 18. Bd3 Ke7 19. Qg4 Rg8 20. Qf3 g6
21. Rc1 Nd5 22. a3 Rd8 23. h4 f5 24. g3 Nf6 25. Qe2 e5 26. dxe5 Qxe5 1/2-1/2

[Event "Tournoi Skype 024A"]
[Site "Skype"]
[Date "????.??.??"]
[Round "6.27"]
[White "Aranzubia, Desiderio"]
[Black "Thacker, Stephen"]
[Result "0-1"]
[WhiteElo "1535"]
[BlackElo "1740"]
[PlyCount "74"]

1. d4 c5 2. e3 cxd4 3. exd4 d5 4. Nf3 Nc6 5. c3 e6 6. Bb5 Bd7 7. O-O Bd6 8. Bg5
Qc7 9. Re1 Nge7 10. Qd2 h6 11. Bf4 Bxf4 12. Qc2 O-O 13. Nbd2 Bxd2 14. Qxd2 Na5
15. Bd3 Nc4 16. Qc2 b5 17. b3 Nb6 18. Rac1 a5 19. Nd2 Rfc8 20. Nb1 b4 21. Qd2
bxc3 22. Nxc3 Qd6 23. Rb1 Qb4 24. Rec1 Rc7 25. Qb2 Rac8 26. Ba6 Rxc3 27. Bxc8
Rxc1+ 28. Rxc1 Nexc8 29. h3 a4 30. Rc3 a3 31. Qc1 Kh7 32. Kh2 g6 33. Rf3 Kg7
34. Qf4 Qe7 35. Rc3 Qf6 36. Qd2 g5 37. Rc4 dxc4 0-1

[Event "Tournoi Skype 024A"]
[Site "Skype"]
[Date "????.??.??"]
[Round "6.28"]
[White "Aceituno, Stebe"]
[Black "Thoune, Jim"]
[Result "0-1"]
[WhiteElo "1558"]
[BlackElo "1659"]
[PlyCount "90"]

1. e4 c5 2. Nf3 d6 3. d4 cxd4 4. Nxd4 Nf6 5. Bd3 g6 6. c4 Bg7 7. Be3 Nc6 8.
Nxc6 bxc6 9. Nc3 O-O 10. O-O Ng4 11. Bf4 Rb8 12. Rb1 Ne5 13. Be2 Be6 14. Qa4
Qc7 15. Bxe5 Bxe5 16. h3 Rb7 17. f4 Bd4+ 18. Kh1 Rfb8 19. Qc2 Rb4 20. b3 Qa5
21. f5 Bxc3 22. fxe6 Bf6 23. exf7+ Kxf7 24. Bf3 Qe5 25. a3 R4b7 26. b4 Kg7 27.
Rbd1 Qg3 28. Qf2 Qe5 29. Rd3 a5 30. Rb3 axb4 31. a4 Ra8 32. Rfb1 Rxa4 33. Qe1
c5 34. Bd1 Rba7 35. Rf3 Ra3 36. Rxa3 bxa3 37. Bb3 a2 38. Bxa2 Rxa2 39. Qd1 Ra1
40. Rxa1 Qxa1 41. Qxa1 Bxa1 42. Kg1 Kf6 43. Kf1 Ke5 44. Ke2 Kxe4 45. g4 Kd4 0-1

[Event "Tournoi Skype 024A"]
[Site "Skype"]
[Date "????.??.??"]
[Round "6.29"]
[White "Fouquereau, Andre"]
[Black "Yardimci, Ertan"]
[Result "0-1"]
[WhiteElo "1419"]
[BlackElo "1610"]
[PlyCount "82"]

1. e4 c6 2. Nf3 d5 3. exd5 cxd5 4. d4 Bg4 5. Nbd2 Nf6 6. Be2 e6 7. Ne5 Bxe2 8.
Qxe2 Be7 9. Qb5+ Nbd7 10. Ndf3 Qc7 11. c3 O-O 12. Qd3 h6 13. O-O Bd6 14. Bf4
Qb6 15. Qc2 Rac8 16. Bxh6 gxh6 17. Qd2 Kg7 18. Nxd7 Nxd7 19. Ne5 Qd8 20. f4
Nxe5 21. fxe5 Be7 22. Qf2 f5 23. exf6+ Rxf6 24. Qg3+ Rg6 25. Qd3 Qd6 26. Rf3
Rf8 27. Re1 Rxf3 28. Qxf3 Rf6 29. Qh3 Qf4 30. Qg3+ Qxg3 31. hxg3 Bd6 32. Re3
Rg6 33. Kf2 Rf6+ 34. Rf3 Kg6 35. Rxf6+ Kxf6 36. Kf3 Kg5 37. g4 e5 38. dxe5 Bxe5
39. a3 a5 40. a4 b6 41. g3 Bf6 0-1

[Event "Tournoi Skype 024A"]
[Site "Skype"]
[Date "????.??.??"]
[Round "6.30"]
[White "Chavero, Victor"]
[Black "Salazar Ticeran, Antonio"]
[Result "1/2-1/2"]
[WhiteElo "1544"]
[BlackElo "1590"]
[PlyCount "74"]

1. d4 Nf6 2. Nf3 g6 3. e3 Bg7 4. Bd3 d5 5. b3 Bg4 6. Nbd2 O-O 7. Bb2 Nbd7 8. c4
Rc8 9. Rc1 c5 10. O-O Re8 11. h3 e5 12. e4 exd4 13. cxd5 Ne5 14. hxg4 Nxd3 15.
Rb1 Nxg4 16. g3 Qa5 17. Nh4 Ngxf2 18. Nc4 Nxd1 19. Nxa5 N1xb2 20. Nxb7 Rc7 21.
Nd6 Rd8 22. Nc4 Nxc4 23. bxc4 Be5 24. g4 Nb4 25. Nf3 Re8 26. Rf2 d3 27. a3 Nc2
28. a4 Bd4 29. Nxd4 cxd4 30. d6 Rxc4 31. Rb7 Rc6 32. Rfxf7 d2 33. Rg7+ Kh8 34.
Rxh7+ Kg8 35. Rbg7+ Kf8 36. Rf7+ Kg8 37. Rfg7+ Kf8 1/2-1/2

[Event "Tournoi Skype 024A"]
[Site "Skype"]
[Date "????.??.??"]
[Round "6.31"]
[White "Bhandari, Dattatrey"]
[Black "Bendre, Pankaj"]
[Result "1/2-1/2"]
[WhiteElo "1425"]
[BlackElo "1558"]
[PlyCount "36"]

1. d4 Nf6 2. Nc3 e6 3. Nf3 Bb4 4. Bd2 c5 5. e3 Nc6 6. Bd3 d5 7. O-O c4 8. Be2
O-O 9. a3 Bd6 10. h3 a6 11. Ng5 h6 12. h4 Qc7 13. Nf3 Ng4 14. g3 Bxg3 15. fxg3
Qxg3+ 16. Kh1 Qh3+ 17. Kg1 Qg3+ 18. Kh1 Qh3+ 1/2-1/2